Alternativa metodológica para la enseñanza de ciencias.

Guardado en:
Bibliografiske detaljer
Hovedforfatter: Córdova Frunz, José Luis (autor)
Format: Bog
Sprog:spansk
Fag:
Tags: Tilføj Tag
Ingen Tags, Vær først til at tagge denne postø!

MARC

LEADER 00000nam^a2200000^u^4500
001 000510312
005 20250521000000.0
008 091216s1000^^^^^^^^^^^^r^^^^^000^0^spa^d
009 20260310130122.219
035 |a FCE 000054521 
037 |a Acervo ITESO - Biblioteca 
041 |a spa 
082 0 4 |a 373.07  |b CORa 
100 |a Córdova Frunz, José Luis  |e (autor) 
245 1 0 |a Alternativa metodológica para la enseñanza de ciencias. 
264 |a México :  |b CINVESTAV,  |c 1996. 
300 |a 108 p. 
336 |a texto  |b txt  |2 rdacontenido 
337 |a sin mediación  |b n  |2 rdamedio 
338 |a volumen  |b nc  |2 rdasoporte 
596 |a Tesis. (Maestría en Ciencias con Especialidad en Educación).-- CINVESTAV, Instituto de Investigación Educativa. 
649 |a XX 
650 |a Educación media 
650 |a Tesis de maestría 
650 |a Enseñanza de la física 
650 |a Aprendizaje cognoscitivo 
650 |a Métodos de enseñanza 
650 |a Enseñanza de las ciencias 
650 |a México 
910 |a Fondo Centro de Estudios Educativos 
920 |a Impresos - Libros 
930 |a Fondos Especiales 
905 |a 133 
901 |a ALE067871  |b IT2  |c CEE  |u 20250521 
902 |a https://opac.biblio.iteso.mx/vufind/Record/000510312